000
00475nam a2200133Ia 4500
008
100328s9999 xx 000 0 und d
082
_b
69610
100
_a
मांडे अरुण-अनु.(मूळ लेखक-मायकेल क्रिश्टन).
245
_a
काँगो (Cango).
260
_b
मेहता पब्लिशिंग हाऊस.
630
_a
काँगो (Cango).
730
_a
काँगो (Cango).
942
_c
BOOK
999
_c
555340
_d
555337